Zprávy v boji proti kontrarevoluci výbor článků z časopisu ZPRÁVY

Guardado en:
Detalles Bibliográficos
Formato: Libro
Lenguaje:checo
Publicado: Praha Nakladatelství Svoboda 1971
Etiquetas: Agregar Etiqueta
Sin Etiquetas, Sea el primero en etiquetar este registro!

MARC

LEADER 00000nam a2200000 4500
001 c121980
005 20150325111258.4
041 0 |a cze 
044 |a CZ 
245 1 0 |a Zprávy v boji proti kontrarevoluci  |b výbor článků z časopisu ZPRÁVY 
264 1 |a Praha  |b Nakladatelství Svoboda  |c 1971 
300 |a 385 s.